000 01184nam0a22002771 4500
001 rc\4077052
005 20260408081817.0
021 _aRU
_b[51-19712]
035 _a(NLR Aleph) 008123511
090 _a9378480
_c9378480
100 _a20130415d1951 |||y0rusy50 ca
101 0 _arus
102 _aRU
105 _aa z |||||
200 1 _aИнструкция по монтажу и эксплуатации регулятора температуры шлихты
_fМ-во легкой пром-сти СССР. Техн. упр.
210 _aМосква
_cГизлегпром
_d1951
215 _a16 с.
_cчерт.
_d15
300 _aНа обороте тит. л. сост.: инж. С.С. Швырев
606 _aРегуляторы температуры шлихты
_xЭксплуатация
_2psbo
702 1 _aШвырев
_bС.С.
_gСергей Сергеевич
_4220
712 0 1 _aСССР
_bМинистерство легкой промышленности
_bТехническое управление
_3RU\NLR\AUTH\8810126473
_9750288
801 0 _aRU
_bNLR
_gpsbo
801 1 _aRU
_bELAR
_2rusmarc
852 _aNLR
_jТ44 Г-2/176
942 _cBOOK
980 _aNB